00426nam a22001457a 450000500170000000800410001702000340005804100130009208200130010510000270011824500440014526000350018930000300022465000260025420231204131822.0231204b |||||||| |||| 00| 0 eng d a978040904978 ; 9780409049787  aEnglish  a349 JOU  aJoubert, WA lEnglish  aThe Law of South Africa / cWA Joubert  aDurban : bLexisNexis, c2011  bix, 766 pages ; c26 cm.  aLegal practice bLaw